Epé Laiyé Terra Viva (Record no. 74652)

MARC details
000 -LÍDER
campo de controle de tamanho fixo 00365 a2200157 4500
001 - NÚMERO DE CONTROLE
campo de controle 74652
020 ## - ISBN - INTERNATIONAL STANDARD BOOK NUMBER
ISBN - International Standard Book Number
040 ## - FONTE DA CATALOGAÇÃO
Instituição que transcreveu o registro Anchieta - Colégio São Paulo
100 ## - ENTRADA PRINCIPAL--NOME PESSOAL
Nome pessoal Santos , Maria estela de Azevedo
240 10 - TÍTULO UNIFORME
Título uniforme Epé Laiyé Terra Viva
Idioma da obra por
245 10 - TÍTULO
Título Epé Laiyé Terra Viva
300 ## - DESCRIÇÃO FÍSICA
Extensão 51
362 0# - DATAS DE PUBLICAÇÃO E/OU DESIGNAÇÃO SEQUENCIAL
Datas de publicação e/ou designação sequencial 2009
650 #4 - ASSUNTO--TERMO TÓPICO
Cabeçalho tópico ou nome geográfico Literatura infantil
942 ## - ELEMENTOS DE ENTRADA ADICIONADOS (KOHA)
Tipo de material Koha Livros
Holdings
Situação do descarte Situação das perdas Situação física Não pode ser emprestado Biblioteca de origem Biblioteca atual Data de aquisição Total de empréstimos Número de chamada completo Código de barras Data de último acesso Data do preço efetivo Tipo de material Koha Fonte da classificação ou esquema de arquivamento na estante Número do exemplar
        Colégio São Paulo Colégio São Paulo 22/11/2023   LI 028.5 S237e 5477/CSP 22/11/2023 22/11/2023 Livros    
        Portinari - Salvador Portinari - Salvador 15/03/2012   028.5 S237e 9703/CCP 24/04/2024 24/04/2024 Livros   Ex. 1
        Portinari - Salvador Portinari - Salvador 12/06/2024   028.5 S237e 9683/CCP 12/06/2024 12/06/2024 Livros   Ex. 2